[Event "Rodostosah GM 2019"]
[Site "Tekirdag"]
[Date "2019.02.13"]
[Round "5.2"]
[White "Kamer, Kayra"]
[Black "Pikula, Dejan"]
[Result "0-1"]
[WhiteElo "2419"]
[BlackElo "2477"]
[Annotator "TA"]
[PlyCount "120"]
[EventDate "2019.02.08"]
[EventType "schev"]
[EventCountry "TUR"]
[SourceTitle "playchess.com"]
[Source "ChessBase"]
[SourceQuality "1"]

{[%evp 14,120,-6,-13,0,-9,41,40,38,33,37,33,38,9,10,-36,-39,-33,-32,-62,-7,-17,0,-1,0,-7,-17,-114,-99,-191,-202,-217,-203,-258,-258,-261,-247,-268,-260,-352,-348,-483,-490,-521,-490,-552,-466,-991,-970,-895,-652,-796,-787,-753,-759,-787,-787,-867,-543,-543,-414,-414,-409,-543,-502,-561,-561,-737,-550,-550,-550,-550,-550,-1450,-1237,-1051,-911,-2172,-2004,-1284,-579,-5129,-1667,-29981,-29982,-29982,-29983,-29983,-29984,-29985,-29984,-29983,-29982,-29987,-29985,-29986,-29986,-29987,-29988,-29988,-29989,-29991,-29991,-29995,-29996,-29996,-29997,-29998,-29999]} 1. g3 c5 2. Bg2 Nc6 3. d3 g6 4. Nf3 Bg7 5. O-O d6 6. e4 Nf6 7. c3 O-O 8. Qe2 Bg4 {A05: Réti Opening: 1 Nf3 Nf6} (8... Rb8 9. Rd1 Bg4 10. h3 Bxf3 11. Bxf3 Nd7 12. Be3 b5 13. a3 a5 14. Bg2 b4 15. axb4 axb4 16. f4 {½-½ (36) Beukema,S (2383)-Beerdsen,T (2428) Belgium 2018}) 9. Nbd2 Nd7 $146 ({Predecessor:} 9... a5 10. h3 Bd7 11. Re1 Qc8 12. Kh2 e5 13. Nc4 Qc7 14. Bg5 b5 15. Ne3 Be6 {1-0 (32) Herczku,D-Bakos,L Gyongyos 2003}) 10. h3 Bxf3 $1 {White is slightly better.} 11. Nxf3 b5 12. Be3 b4 13. cxb4 Rb8 14. Rac1 Rxb4 15. b3 a5 16. Nd2 a4 ({Black should play} 16... Qb6 $15) 17. a3 Rxb3 (17... Nd4 {with more complications.} 18. Qd1 Rb8 19. bxa4 Qa5 20. Nc4 Qa6) 18. Nxb3 axb3 19. Rb1 Qb6 20. f4 (20. e5 $11) 20... Nd4 21. Bxd4 (21. Qg4 $17 {might work better.} Qb5 22. Kh2) 21... Bxd4+ $19 22. Kh1 b2 23. h4 Qb3 24. h5 Qxa3 25. Kh2 Qc3 26. Rbe1 Nf6 27. g4 gxh5 28. gxh5 Kh8 29. Bf3 e5 30. fxe5 (30. f5 $142 h6 31. Rd1) 30... Bxe5+ 31. Kh1 Rg8 32. Rg1 Rxg1+ 33. Rxg1 Bd4 34. Rb1 Qc1+ 35. Qd1 Be3 36. Kg2 Qxd1 37. Bxd1 {[%mdl 4096] Endgame [#] KRB-KBN} Bc1 $1 38. Kg3 Kg7 39. Kh4 Nd7 40. Kg3 Kh6 41. Kh4 Ne5 42. Be2 f6 43. Kh3 Kg5 44. Kg3 h6 45. Kf2 Kf4 46. Bf1 {[#]} Nf3 (46... c4 $142 $1 {[%mdl 512] ( -> ...c3)} 47. dxc4 Kxe4) 47. d4 cxd4 (47... Nd2 $142 48. Bd3 c4) 48. Bd3 Nd2 {Black mates.} 49. Ke2 Nxe4 50. Bc2 Nc5 51. Bd3 f5 52. Bb5 Kg3 53. Kf1 Kf3 54. Ke1 d3 55. Kd1 Ke3 56. Bc6 f4 57. Ke1 f3 58. Kd1 f2 {[%cal Rf2f1]} 59. Bg2 Ne4 {[%cal Re4c3]} 60. Rxb2 Bxb2 {Accuracy: White = 19%, Black = 69%.} 0-1

[Event "Rodostosah GM 2019"]
[Site "Tekirdag"]
[Date "2019.02.13"]
[Round "5.3"]
[White "Ozen, Deniz"]
[Black "Stankovic, Milos"]
[Result "1/2-1/2"]
[WhiteElo "2410"]
[BlackElo "2453"]
[Annotator "TA"]
[PlyCount "114"]
[EventDate "2019.02.08"]
[EventType "schev"]
[EventCountry "TUR"]
[SourceTitle "playchess.com"]
[Source "ChessBase"]
[SourceQuality "1"]

{[%evp 15,114,27,22,16,45,35,38,42,48,44,72,48,60,54,77,43,96,76,97,87,81,14,18,7,23,6,5,0,0,0,13,-36,-28,-31,-29,-29,-29,-30,-33,-25,-17,-61,-46,-49,-60,-85,-85,-93,-70,-55,0,-47,-7,-9,0,-8,0,-5,0,0,0,0,0,0,0,0,0,0,0,0,0,0,0,0,0,0,0,-37,0,0,0,0,0,0,0,0,0,0,0,0,0,0,0,0,0,0,0,0,0,-10,0]} 1. e4 c6 2. d4 d5 3. Nc3 dxe4 4. Nxe4 Nf6 5. Nxf6+ exf6 6. c3 Bd6 7. Bd3 O-O 8. Ne2 Re8 9. Qc2 {B15: Caro-Kann: 3 Nc3: 3...g6 and 3...dxe4 4 Nxe4 Nf6 5 Nxf6+ exf6} h5 10. O-O (10. Be3 Qa5 11. O-O h4 12. Bf4 Qc7 13. Qd2 Nd7 14. Rfe1 Nf8 15. Bxd6 Qxd6 16. Qf4 Qxf4 17. Nxf4 {½-½ (121) Savchenko,B (2562)-Nakamura,H (2746) St Petersburg 2018}) 10... Qc7 11. h3 {White is slightly better.} Nd7 12. c4 $146 ({Predecessor:} 12. Bd2 Nf8 13. Rae1 Be6 14. c4 Rad8 15. f4 c5 16. d5 {1-0 (36) Christiansen,J (2541)-Wall,T (2253) Douglas 2018}) 12... c5 13. b3 cxd4 14. Nxd4 Bc5 15. Bb2 Ne5 ({Black should try} 15... Nf8 $14) 16. Bh7+ $16 Kh8 {[#] Strongly threatening ...g6.} 17. Be4 $1 Bd7 18. Bd5 (18. Rad1 $16) 18... Rad8 $11 19. Qd1 g6 20. Qd2 Kg7 21. Qf4 Bc6 22. Bxc6 bxc6 23. Nf3 Nxf3+ 24. Qxf3 Bd4 25. Bxd4 Rxd4 26. Rad1 Rde4 27. Qc3 Re2 28. Rde1 Qf4 29. Rxe2 Rxe2 $15 {[%mdl 4096] Endgame KQR-KQR} 30. Qa5 Qd4 31. c5 Re7 32. a3 f5 (32... Qd5 $15) 33. Rc1 h4 (33... Re3 {feels hotter.} 34. b4 Qb2 35. fxe3 Qxc1+ 36. Kf2 Qd2+) 34. Qc3 Qxc3 35. Rxc3 $11 {KR-KR} Re1+ 36. Kh2 Re2 37. f3 Rb2 38. b4 {[#]} a5 $1 {[%mdl 512]} 39. Rd3 (39. bxa5 Rb5) 39... axb4 40. axb4 Rxb4 {aiming for ...Rc4.} 41. Rd6 Rc4 42. Rxc6 Rc1 43. Rc8 Kf6 44. Rc7 Ke6 45. Rc6+ Ke5 46. Rc7 f6 47. Re7+ {The position is equal.} Kf4 48. Re6 Kg5 49. Rc6 f4 50. Rc8 Kf5 51. Rc6 Ke5 52. Rc8 Kd4 53. Rd8+ Ke5 54. Rc8 Kd4 55. Rd8+ Ke5 56. Rc8 Kf5 57. Rc6 Ke5 {Accuracy: White = 70%, Black = 54%.} 1/2-1/2

[Event "Rodostosah GM 2019"]
[Site "Tekirdag"]
[Date "2019.02.13"]
[Round "5.4"]
[White "Can, Isik"]
[Black "Lajthajm, Borko"]
[Result "1/2-1/2"]
[WhiteElo "2382"]
[BlackElo "2431"]
[Annotator "ChessBase"]
[PlyCount "140"]
[EventDate "2019.02.08"]
[EventType "schev"]
[EventCountry "TUR"]
[SourceTitle "playchess.com"]
[Source "ChessBase"]
[SourceQuality "1"]
[TimeControl "5400+30"]

1. e4 e5 2. Nf3 Nc6 3. Bb5 d6 4. d4 Bd7 5. O-O Nf6 6. Re1 Be7 7. d5 Nb8 8. Bd3 O-O 9. c4 a5 10. Nc3 Na6 11. a3 b6 12. Rb1 Nc5 13. Bc2 a4 14. Be3 Qe8 15. h3 Ra5 16. g4 Qa8 17. Nd2 Ne8 18. f4 exf4 19. Bxf4 Bf6 20. Nf3 Bxc3 21. bxc3 f6 22. Nd4 Qd8 23. Qf3 g6 24. Re2 Ng7 25. h4 Qc8 26. Rg2 Qe8 27. h5 g5 28. h6 gxf4 29. hxg7 Rf7 30. Kf2 Rxg7 31. Rh1 Ra8 32. Rh5 Qe7 33. Qxf4 Rf8 34. Rg3 Rff7 35. Nf3 Rg6 36. Nh4 Rg5 37. Nf3 Kh8 38. Ke3 Rfg7 39. Nxg5 fxg5 40. Qf2 Be8 41. Rhh3 Bg6 42. Kd2 Nd7 43. Rf3 Ne5 44. Rf8+ Rg8 45. Qf6+ Qxf6 46. Rxf6 Kg7 47. Re6 Nxc4+ 48. Ke2 Rf8 49. Re7+ Rf7 50. Rxf7+ Kxf7 51. Bd3 Ne5 52. Rg3 Kg7 53. Ke3 Be8 54. Rg1 Bd7 55. Be2 h6 56. Kf2 Be8 57. Rb1 Bg6 58. Rb4 Be8 59. Ke3 Bd7 60. Kf2 Kf6 61. Kg3 Ke7 62. Rb1 Kf6 63. Rf1+ Kg7 64. Rb1 Kg6 65. Rb4 Kf6 66. Rb1 Bc8 67. Rh1 Kg7 68. Rb1 Bd7 69. Rb4 Kf6 70. Rb1 Kg7 1/2-1/2

[Event "Rodostosah GM 2019"]
[Site "Tekirdag"]
[Date "2019.02.13"]
[Round "5.5"]
[White "Ozenir, Ekin Baris"]
[Black "Bajarani, Ulvi"]
[Result "0-1"]
[WhiteElo "2262"]
[BlackElo "2420"]
[Annotator "ChessBase"]
[PlyCount "134"]
[EventDate "2019.02.08"]
[EventType "schev"]
[EventCountry "TUR"]
[SourceTitle "playchess.com"]
[Source "ChessBase"]
[SourceQuality "1"]
[TimeControl "5400+30"]

1. d4 d5 2. c4 c6 3. Nf3 Nf6 4. Nbd2 Bf5 5. g3 h6 6. Bg2 e6 7. O-O Nbd7 8. b3 Be7 9. Bb2 O-O 10. Ne5 Nxe5 11. dxe5 Nd7 12. cxd5 exd5 13. e4 dxe4 14. Nxe4 Nc5 15. Nd6 Bxd6 16. exd6 Nd3 17. Qf3 Bg6 18. Ba3 Qa5 19. Bc1 Rad8 20. Bf4 Rfe8 21. b4 Qa4 22. Rad1 Qc2 23. Bh3 Qe2 24. Qxe2 Rxe2 25. d7 Nxf4 26. gxf4 Kf8 27. a4 Bc2 28. Rd4 g6 29. b5 c5 30. Rd5 b6 31. a5 Ke7 32. axb6 axb6 33. Ra1 Bb3 34. Re5+ Rxe5 35. fxe5 Be6 36. Bg2 Bxd7 37. Ra7 Kf8 38. Bf1 Be6 39. Kg2 Rc8 40. Ra1 c4 41. f4 Rc5 42. Rb1 Bd7 43. Rc1 Bxb5 44. Kf2 Ba6 45. Ke3 b5 46. Kd4 Rc7 47. Kc3 Bc8 48. Rb1 Bd7 49. Ra1 Ke7 50. Ra8 g5 51. fxg5 hxg5 52. Rg8 b4+ 53. Kxb4 c3 54. Bd3 c2 55. Bxc2 Rxc2 56. Rxg5 Rxh2 57. Kc5 Ke6 58. Kd4 Rh4+ 59. Kd3 Bc6 60. Ke3 Re4+ 61. Kf2 Rxe5 62. Rg8 Kf5 63. Rc8 Bd5 64. Rb8 Kf4 65. Rb4+ Re4 66. Rb5 Rd4 67. Rb2 Ra4 0-1

[Event "Rodostosah GM 2019"]
[Site "Tekirdag"]
[Date "2019.02.13"]
[Round "6.1"]
[White "Pikula, Dejan"]
[Black "Gokerkan, Cem Kaan"]
[Result "*"]
[WhiteElo "2477"]
[BlackElo "2423"]
[Annotator "TA"]
[PlyCount "35"]
[EventDate "2019.02.08"]
[EventType "schev"]
[EventCountry "TUR"]
[SourceTitle "playchess.com"]
[Source "ChessBase"]
[SourceQuality "1"]

{[%evp 9,35,19,51,59,61,-8,-4,-23,-18,-45,31,27,24,17,25,22,19,-13,14,-14,-5,-40,-43,-53,-50,-53,-12,-20]} 1. e4 c5 2. Nf3 d6 3. Bb5+ Nd7 4. c3 Ngf6 5. Bd3 g5 (5... Ne5 6. Be2 Nxf3+ 7. Bxf3 e5 8. d4 Be7 9. O-O O-O 10. Be3 b6 11. Nd2 Qc7 12. Re1 Bd7 {0-1 (55) Aronian,L (2765)-Vachier Lagrave,M (2781) London 2018}) 6. h3 {B51: Sicilian: Moscow Variation (3 Bb5+) without 3...Bd7} Rg8 7. Kf1 $146 ({White should play} 7. Bc2 $14) ({Predecessor:} 7. Bc2 h5 8. d4 g4 9. hxg4 hxg4 10. Nfd2 b5 11. Nf1 Bb7 12. Ng3 Qc7 {½-½ (23) Markidis,K (2335)-Tsaknakis,Z (2177) Anogia 2018}) 7... h5 $11 8. h4 g4 9. Ng5 Bh6 (9... g3 $15) 10. Bc2 $14 Bxg5 11. hxg5 Rxg5 12. d4 Rg8 13. Bf4 e5 14. dxe5 Nxe5 15. Na3 Be6 16. Qd2 Qb6 17. c4 O-O-O ({Reject} 17... Nxc4 $6 18. Nxc4 Bxc4+ 19. Kg1 $14) 18. b3 $1 {Accuracy: White = 38%, Black = 58%.} *

[Event "Rodostosah GM 2019"]
[Site "Tekirdag"]
[Date "2019.02.13"]
[Round "6.2"]
[White "Stankovic, Milos"]
[Black "Kamer, Kayra"]
[Result "1-0"]
[WhiteElo "2453"]
[BlackElo "2419"]
[Annotator "ChessBase"]
[PlyCount "137"]
[EventDate "2019.02.08"]
[EventType "schev"]
[EventCountry "TUR"]
[SourceTitle "playchess.com"]
[Source "ChessBase"]
[SourceQuality "1"]
[TimeControl "5400+30"]

1. e4 c5 2. Nf3 Nc6 3. Bb5 g6 4. Bxc6 dxc6 5. d3 Bg7 6. h3 Nf6 7. O-O h6 8. Nc3 O-O 9. Be3 b6 10. a4 a5 11. Re1 Kh7 12. d4 cxd4 13. Qxd4 Nd5 14. e5 Nb4 15. Qxd8 Rxd8 16. Bxb6 Rd7 17. Rac1 Rb7 18. Bc5 Bf5 19. Nd4 Bxc2 20. Nxc2 Nd3 21. Ba3 Nxc1 22. Rxc1 Bxe5 23. Ne3 Bd6 24. Nc4 Bxa3 25. bxa3 Rb3 26. Ne4 Rab8 27. Rc2 Rb1+ 28. Kh2 Ra1 29. Nc5 Rbb1 30. Nxa5 h5 31. h4 Rh1+ 32. Kg3 Rxa3+ 33. f3 g5 34. hxg5 h4+ 35. Kf4 Rh2 36. Nc4 Ra1 37. Ne3 h3 38. Kg3 hxg2 39. Nxg2 Rhh1 40. Re2 Rhg1 41. Nd3 Rxa4 42. Rxe7 Kg6 43. Re5 f6 44. gxf6 Kxf6 45. Rc5 Ra6 46. Nf2 Ke7 47. Nh3 Rb1 48. Ne3 Rb5 49. Rc4 Rab6 50. Nf4 Kf7 51. Re4 Rg5+ 52. Ng4 Rb3 53. Ne6 Rg6 54. Nc5 Rc3 55. Nd7 Re6 56. Nde5+ Ke7 57. Rd4 Rd6 58. Ra4 Rd1 59. Kf4 Rd5 60. Re4 Kd6 61. Ne3 Rb5 62. Nf5+ Kc7 63. Nd4 Rb8 64. Ne6+ Kd6 65. Kf5 c5 66. f4 Rb1 67. Ra4 Rh3 68. Ng5 Rhh1 69. Ra7 1-0

[Event "Rodostosah GM 2019"]
[Site "Tekirdag"]
[Date "2019.02.13"]
[Round "6.3"]
[White "Lajthajm, Borko"]
[Black "Ozen, Deniz"]
[Result "1/2-1/2"]
[WhiteElo "2431"]
[BlackElo "2410"]
[Annotator "RC"]
[PlyCount "90"]
[EventDate "2019.02.08"]
[EventType "schev"]
[EventCountry "TUR"]
[SourceTitle "playchess.com"]
[Source "ChessBase"]
[SourceQuality "1"]
[TimeControl "5400+30"]

1. e4 e6 2. d4 d5 3. Nd2 c5 4. exd5 Qxd5 5. dxc5 Bxc5 6. Ngf3 Nf6 7. Bc4 Qc6 8. Qe2 O-O 9. O-O a6 10. Ne5 Qc7 11. Ndf3 b5 12. Bd3 Bb7 13. Bf4 Bd6 14. Rad1 Nc6 15. Bg3 Rad8 16. c3 Nxe5 17. Nxe5 Bd5 18. Bb1 Qb7 19. f3 Qc7 20. Rfe1 Nd7 21. f4 Nxe5 22. fxe5 Bc5+ 23. Bf2 Bb7 24. Rd3 Bxf2+ 25. Qxf2 Rxd3 26. Bxd3 Rd8 27. Bc2 Rd5 28. Qe3 g6 29. Re2 a5 30. Bb3 Rd8 31. a3 Bd5 32. Bxd5 Rxd5 33. h3 h5 34. Kf2 Qd8 35. Qf4 Rd1 36. Kg3 Rd5 37. Rf2 Qc7 38. Re2 Qd8 39. Rf2 Qc7 40. Re2 Rc5 41. Re4 Rd5 42. Qf6 Rd7 43. Rf4 Rd5 44. Re4 Rd7 45. Rf4 Rd5 1/2-1/2

[Event "Rodostosah GM 2019"]
[Site "Tekirdag"]
[Date "2019.02.13"]
[Round "6.4"]
[White "Bajarani, Ulvi"]
[Black "Can, Isik"]
[Result "1-0"]
[WhiteElo "2420"]
[BlackElo "2382"]
[Annotator "TA"]
[PlyCount "85"]
[EventDate "2019.02.08"]
[EventType "schev"]
[EventCountry "TUR"]
[SourceTitle "playchess.com"]
[Source "ChessBase"]
[SourceQuality "1"]

{[%evp 24,85,6,20,51,60,53,56,57,13,34,32,14,-60,0,0,0,0,43,47,56,53,72,75,44,0,96,93,95,89,89,86,87,86,89,88,95,87,88,91,80,4,116,134,135,134,212,229,214,154,369,355,352,349,535,458,1082,930,1350,1325,1772,1700,1602,1889]} 1. d4 d5 2. c4 c6 3. Nf3 Nf6 4. Nc3 dxc4 5. a4 Bf5 6. Ne5 Nbd7 7. Nxc4 Nb6 8. Ne5 a5 9. f3 {D17: Slav Defence: 5 a4 Bf5: Lines with 6 Nh4 and 6 Ne5} (9. e3 Nfd7 10. Bd3 Bxd3 11. Nxd3 e6 12. O-O Be7 13. Qb3 O-O 14. e4 Ra6 15. Be3 Qb8 16. Rac1 Rd8 {1-0 (37) Giri,A (2782)-Aronian,L (2767) chess.com INT 2018}) 9... Nfd7 10. Nxd7 Nxd7 11. e4 Bg6 12. Be2 Qb6 13. f4 {LiveBook: 18 Games} e5 14. dxe5 Nc5 15. Be3 {Threatens to win with 0-0.} Qxb2 {[#]} 16. Nb5 $1 {[%cal Rb5c7][%mdl 512] Nc7+ would kill now.} Qb4+ $1 (16... cxb5 17. Bxb5+) 17. Kf1 $146 {White threatens Nc7+ and mate.} Rd8 18. Nc7+ Ke7 19. Nd5+ $1 $40 {[%mdl 128] Black needs to defend precisely.} cxd5 20. exd5 Rc8 21. d6+ {[%mdl 1024] White has compensation.} Kd8 22. Bb5 {Black must now prevent Bd2.} b6 $1 23. Rc1 Qa3 24. Bf2 {Black should prevent Bh4+.} Bd3+ (24... Bf5 $1 $11) 25. Bxd3 $16 Qxd3+ 26. Qxd3 Nxd3 27. Bxb6+ Kd7 28. Rxc8 Kxc8 29. g3 $1 {Hoping for Ke2.} Nb4 30. Bxa5 Nc6 31. Bc3 $1 g5 32. f5 ({Better is} 32. e6 $16 Rg8 33. e7 (33. exf7 Rg6 $16)) 32... f6 (32... Bg7 $11 {keeps the balance.} 33. f6 Bh6) 33. d7+ $1 ({But not} 33. exf6 $6 Bxd6 34. Ke2 Re8+ 35. Kd3 Ne5+ 36. Kc2 Nd7 $11) 33... Kxd7 {[#]} 34. e6+ $1 Ke7 (34... Kc7 $16 {was called for.}) 35. Kg2 $18 Bg7 36. Rd1 Rd8 $2 (36... Rc8 $16) 37. Rxd8 Kxd8 ({Weaker is} 37... Nxd8 38. a5 $16) 38. Kf3 h5 (38... Kc7 $142 39. g4 Ne7) 39. Ke4 {White is clearly winning.} g4 (39... Na7 $142 40. a5 Nb5) 40. a5 {[%cal Ba4a5,Ba5a6][%mdl 32]} Kc7 {[#]} 41. a6 $1 Bf8 42. Bxf6 Kb6 43. Bg5 {Precision: White = 90%, Black = 52%.} 1-0

[Event "Rodostosah GM 2019"]
[Site "Tekirdag"]
[Date "2019.02.13"]
[Round "6.5"]
[White "Annageldyev, Orazly"]
[Black "Ozenir, Ekin Baris"]
[Result "0-1"]
[WhiteElo "2377"]
[BlackElo "2262"]
[Annotator "NA"]
[PlyCount "94"]
[EventDate "2019.02.08"]
[EventType "schev"]
[EventCountry "TUR"]
[SourceTitle "playchess.com"]
[Source "ChessBase"]
[SourceQuality "1"]
[TimeControl "5400+30"]

1. d4 Nf6 2. Bf4 b6 3. e3 Bb7 4. Nf3 d6 {LiveBook: 18 Games} 5. Bc4 g6 6. a4 a6 7. Nc3 Bg7 8. h4 e6 9. Qe2 Qe7 10. e4 Nc6 11. e5 dxe5 12. dxe5 Nd7 13. h5 Qb4 14. h6 $1 Bxe5 $1 ({Of course not} 14... Qxb2 $6 15. hxg7 Qxc3+ 16. Qd2 $16) 15. Nxe5 Qxb2 16. O-O Qxc3 17. Nxd7 Kxd7 18. Rad1+ Kc8 19. a5 (19. Bg3 $1 $11) 19... Qxa5 20. Bxe6+ fxe6 21. Qxe6+ Kb8 22. Rd7 Rc8 23. Rxh7 Nd4 24. Qe3 Qd5 25. f3 Ne6 26. Be5 {[#]} Ka7 $17 27. Kh1 Qc5 28. Qe1 Re8 29. Qg3 Nf8 30. Bd4 Qxd4 31. Rxc7 Qe5 32. Qxe5 Rxe5 33. g4 Ne6 34. Re7 Rh8 35. h7 Rc5 36. Rxe6 Rxh7+ 37. Kg2 Rxc2+ 38. Kg3 g5 39. Rg6 Rc5 40. Rb1 b5 41. Rb3 Rf7 42. Kf2 a5 43. Ra3 b4 44. Rd3 Rb5 45. Re6 b3 46. Re1 b2 47. Rb1 Be4 0-1

[Event "Rodostosah GM 2019"]
[Site "Tekirdag"]
[Date "2019.02.14"]
[Round "7.1"]
[White "Gokerkan, Cem Kaan"]
[Black "Stankovic, Milos"]
[Result "0-1"]
[WhiteElo "2423"]
[BlackElo "2453"]
[Annotator "TA"]
[PlyCount "84"]
[EventDate "2019.02.08"]
[EventType "schev"]
[EventCountry "TUR"]
[SourceTitle "playchess.com"]
[Source "ChessBase"]
[SourceQuality "1"]

{[%evp 21,84,24,38,27,33,44,78,70,89,36,39,26,26,22,40,20,33,36,39,34,52,0,0,0,0,0,39,39,45,39,40,-48,-20,-31,-16,-220,-173,-281,-245,-324,-316,-331,-269,-286,-286,-329,-244,-312,0,-106,-73,-420,-420,-404,-401,-1209,-837,-821,-821,-821,-821,-821,-800,-29997,-29998]} 1. Nf3 Nf6 2. g3 g6 3. Bg2 Bg7 4. c4 d5 5. cxd5 Nxd5 6. d4 Nb6 7. O-O Nc6 8. Nc3 O-O 9. d5 Bxc3 {D76: Fianchetto Grünfeld: Main Line with 7...Nb6} (9... Na5 10. Qc2 Bf5 11. e4 Bd7 12. Rd1 c6 13. b4 Nac4 14. dxc6 bxc6 15. Rb1 Qc8 16. Nd2 Bg4 17. Re1 Rd8 18. Nxc4 Nxc4 {½-½ (112) Sarana,A (2618)-Alekseenko,K (2638) Khanty-Mansiysk 2018}) 10. dxc6 Bg7 11. Qc2 bxc6 {LiveBook: 3 Games. White has an edge.} 12. Bg5 $146 ({Predecessor:} 12. Rd1 Bf5 13. Qb3 Qe8 14. Nd4 Bd7 15. Qc2 Nd5 16. e4 Nb6 17. Be3 {½-½ (44) Valderrama Quiceno,E (2433)-Guerrero Sierra,J (2315) Medellin 2018}) 12... Qe8 13. Rac1 Be6 14. b3 Nd5 15. Bd2 (15. Qc5 $16) 15... a5 $14 16. Qxc6 Qxc6 17. Rxc6 {Hoping for Ng5.} h6 18. Rc5 a4 19. e4 Nb6 {[%cal Bd5b6,Bb6d7,Bd7c5][%mdl 32]} 20. Rxc7 Rfc8 21. Rb7 (21. Rxe7 $14 axb3 22. axb3) 21... Nd7 $11 22. Be3 Nc5 $36 {[%mdl 2048] Black is pushing.} 23. Rxe7 a3 24. e5 {And now Nd4 would win.} Bf8 25. Bxc5 Rxc5 26. Rb7 (26. Nd4 $1 $14 Rac8 27. Nxe6 Bxe7 28. Nxc5 Rxc5 29. Be4) 26... Rd8 {[%mdl 1024] White must now prevent ...Rc2. Black has compensation.} 27. Rb4 $1 Rc2 28. Rd4 $2 (28. Nd4 $1 $11 Rxa2 29. Nxe6 Bxb4 30. Nxd8) 28... Rdc8 29. Ra1 (29. Rf4 {was called for.} Rxa2 30. Nd4) 29... Rb2 30. Nd2 Rcc2 31. Ne4 Be7 32. Ra4 Rxa2 33. Rd1 Rc8 ({Weaker is} 33... Bxb3 34. Ra7 $17) 34. Nd6 {[#]} Rcc2 $2 (34... Rd2 $3 $19 {[%mdl 512]} 35. Re1 (35. Rxd2 {is a self mate.} Rc1+ 36. Rd1 Rxd1+ 37. Bf1 Bh3 38. Ra8+ Bf8 39. Rxf8+ Kxf8 40. Kh1 Rxf1#) 35... Bxd6 36. exd6 a2) 35. Ra8+ (35. Ne4 $1 $11 {remains equal.}) 35... Kh7 36. Ne4 $2 {[%mdl 8192] [#]} (36. Be4 $17 Rxf2 37. Rxa3) 36... Rab2 $1 $19 37. Bf1 {White hopes to continue with Bc4.} a2 {Strongly threatening ...Rb1.} 38. Nf6+ (38. Bd3 $142 Bxb3 39. Bxc2 Bxc2 40. Nc3 Bxd1 41. Nxd1) 38... Bxf6 $1 39. exf6 Rb1 40. Rdd8 {[#]} Rc8 $1 {[%mdl 512]} 41. Rdxc8 (41. Raxc8 Bxc8) 41... Bxc8 42. Rxa2 Bh3 $1 {Precision: White = 25%, Black = 80%.} 0-1

[Event "Rodostosah GM 2019"]
[Site "Tekirdag"]
[Date "2019.02.14"]
[Round "7.2"]
[White "Kamer, Kayra"]
[Black "Lajthajm, Borko"]
[Result "0-1"]
[WhiteElo "2419"]
[BlackElo "2431"]
[Annotator "TA"]
[PlyCount "46"]
[EventDate "2019.02.08"]
[EventType "schev"]
[EventCountry "TUR"]
[SourceTitle "playchess.com"]
[Source "ChessBase"]
[SourceQuality "1"]

{[%evp 14,46,30,30,29,22,48,13,14,20,23,-6,0,0,4,-35,0,-233,-224,-304,-304,-369,-369,-511,-508,-782,-781,-971,-747,-1098,-1080,-1043,-832,-1008,-998]} 1. e4 c5 2. Nf3 e6 3. d4 cxd4 4. Nxd4 a6 5. Nc3 Qc7 6. Be3 Nf6 7. a3 Nc6 8. f4 d5 {B48: Sicilian: Taimanov: 5 Nc3 Qc7 6 Be3 a6 without Be2} (8... d6 9. Qf3 Be7 10. Nxc6 bxc6 11. g4 Rb8 12. g5 Nd7 13. b3 d5 14. Bg2 h6 15. h4 hxg5 16. hxg5 Rxh1+ 17. Bxh1 Qa5 {1-0 (42) Sjugirov,S (2663)-Morozevich,A (2656) Khanty-Mansiysk 2018}) 9. e5 Nd7 10. Qf3 Nxd4 {The position is equal.} 11. Bxd4 Bc5 12. O-O-O $146 ({Predecessor:} 12. Bxc5 Nxc5 13. Bd3 O-O 14. O-O Bd7 15. Rae1 d4 16. Ne4 Nxd3 17. cxd3 {0-1 (52) Ilievski,B-Janosevic,D Skopje 1967}) 12... b5 13. Bxc5 Nxc5 14. f5 Bb7 {[#] Hoping for ...d4.} 15. Bxb5+ $2 (15. fxe6 $11 fxe6 16. Qf4) 15... axb5 $19 16. Nxb5 Qxe5 17. Rhe1 Ne4 18. f6 gxf6 {Black is clearly winning.} 19. Rxe4 (19. Qh3 $142) 19... dxe4 20. Nd6+ Ke7 21. Qb3 Bd5 22. Nc4 Qf4+ 23. Kb1 Rhb8 0-1